Universitätsgründungsprobleme in Nordrhein-Westfalen.
Saved in:
| Main Author: | |
|---|---|
| Format: | Book |
| Language: | German |
| Published: |
Würzburg,
Echter-Verlag
[1964]
|
| Series: | Katholische Akademie in Bayern. Akademievorträge,
Heft 2 |
| Subjects: | |
| Tags: |
Add Tag
No Tags, Be the first to tag this record!
|
| LEADER | 00611nam a2200193I 4500 | ||
|---|---|---|---|
| 001 | 006117748-2 | ||
| 005 | 20020606163548.3 | ||
| 008 | 810731s1964 gw 000 0 ger d | ||
| 035 | 0 | |a ocm07631049 | |
| 040 | |a COO |c COO |d HLS | ||
| 090 | |a BX880.K19 |b A3 no. 2 | ||
| 100 | 1 | |a Mikat, Paul, |d 1924- | |
| 245 | 1 | 0 | |a Universitätsgründungsprobleme in Nordrhein-Westfalen. |
| 260 | |a Würzburg, |b Echter-Verlag |c [1964] | ||
| 300 | |a 24 p. |c 21 cm. | ||
| 490 | 0 | |a Katholische Akademie in Bayern. Akademievorträge, |v Heft 2 | |
| 650 | 0 | |a Universities and colleges |z Germany |z North Rhine-Westphalia. | |
| 988 | |a 20020608 | ||
| 906 | |0 OCLC | ||


